LEADER 00994cam0 2200253 450 001 E600200009754 005 20201105094943.0 100 $a20050503d1957 |||||ita|0103 ba 101 $aita$alat 102 $aIT 200 1 $aDue dialoghi sconosciuti e due dialoghi noti$eIdiota Triumphans - De Somnii interpretatione mordentius - De Mordentii Circino$fGiordano Bruno$gGiovanni Aquilecchia 210 $aRoma$cEdizioni di "Storia e Letteratura"$d1957 215 $aXXIII, 71 p.$c10 ill$d25 cm 700 1$aBruno$b, Giordano$3AF00004111$4070$045390 702 1$aAquilecchia, Giovanni$3AF00022783$4070 801 0$aIT$bUNISOB$c20201105$gRICA 850 $aUNISOB 852 $aUNISOB$j000|Coll|2|K$m19318 912 $aE600200009754 940 $aM 102 Monografia moderna SBN 941 $aM 957 $a000|Coll|2|K$b000011$gSI$d19318$1pregresso3$2UNISOB$3UNISOB$420050503095605.0$520201105094930.0$6Spinosa 996 $aDue dialoghi sconosciuti e due dialoghi noti$9537513 997 $aUNISOB LEADER 03189nam 2200697 a 450 001 9910783354703321 005 20230207223507.0 010 $a9786612071515 010 $a1-282-07151-3 010 $a0-253-11081-5 035 $a(CKB)1000000000030372 035 $a(EBL)239661 035 $a(OCoLC)475951146 035 $a(SSID)ssj0000238397 035 $a(PQKBManifestationID)11924894 035 $a(PQKBTitleCode)TC0000238397 035 $a(PQKBWorkID)10222247 035 $a(PQKB)11775222 035 $a(MiAaPQ)EBC239661 035 $a(OCoLC)62118185 035 $a(MdBmJHUP)muse16528 035 $a(Au-PeEL)EBL239661 035 $a(CaPaEBR)ebr10090710 035 $a(CaONFJC)MIL207151 035 $a(EXLCZ)991000000000030372 100 $a20030612d2004 ub 0 101 0 $aeng 135 $aur|n|---||||| 181 $ctxt 182 $cc 183 $acr 200 10$aRing out freedom!$b[electronic resource] $ethe voice of Martin Luther King, Jr. and the making of the civil rights movement /$fFredrik Sunnemark 210 $aBloomington $cIndiana University Press$dc2004 215 $a1 online resource (287 p.) 300 $aDescription based upon print version of record. 311 $a0-253-21659-1 311 $a0-253-34376-3 320 $aIncludes bibliographical references (p. 257-264) and index. 327 $a"There must be somebody to communicate..." -- A discourse of faith -- Western intellectualism and American ideals -- The problem of race -- Third World, Cold War, and Vietnam -- Radicalization. 330 $aMartin Luther King, Jr. was more than the civil rights movement's most visible figure, he was its voice. This book describes what went into the creation of that voice. It explores how King used words to define a movement. From a place situated between two cultures of American society, King shaped the language that gave the movement its identity and meaning. Fredrik Sunnemark shows how materialistic, idealistic, and religious ways of explaining the world coexisted in King's speeches and writings. He poi 606 $aRhetoric$xPolitical aspects$zUnited States$xHistory$y20th century 606 $aEnglish language$zUnited States$xDiscourse analysis 606 $aEnglish language$zUnited States$xRhetoric 606 $aSpeeches, addresses, etc., American$xHistory and criticism 606 $aCivil rights movements$zUnited States$xHistory$y20th century 606 $aAfrican Americans$xCivil rights$xHistory$y20th century 615 0$aRhetoric$xPolitical aspects$xHistory 615 0$aEnglish language$xDiscourse analysis. 615 0$aEnglish language$xRhetoric. 615 0$aSpeeches, addresses, etc., American$xHistory and criticism. 615 0$aCivil rights movements$xHistory 615 0$aAfrican Americans$xCivil rights$xHistory 676 $a323/.092 700 $aSunnemark$b Fredrik$01482024 801 0$bMiAaPQ 801 1$bMiAaPQ 801 2$bMiAaPQ 906 $aBOOK 912 $a9910783354703321 996 $aRing out freedom$93699358 997 $aUNINA LEADER 02890nam 2200709 a 450 001 9911020080603321 005 20200520144314.0 010 $a9780470715192 010 $a0470715197 010 $a9780470714881 010 $a0470714883 035 $a(CKB)1000000000688028 035 $a(EBL)739056 035 $a(OCoLC)775868659 035 $a(SSID)ssj0000715313 035 $a(PQKBManifestationID)11413557 035 $a(PQKBTitleCode)TC0000715313 035 $a(PQKBWorkID)10700486 035 $a(PQKB)11254479 035 $a(SSID)ssj0001034555 035 $a(PQKBManifestationID)12452799 035 $a(PQKBTitleCode)TC0001034555 035 $a(PQKBWorkID)11014856 035 $a(PQKB)11711714 035 $a(MiAaPQ)EBC739056 035 $a(Perlego)2784536 035 $a(EXLCZ)991000000000688028 100 $a20120314d1954 uy 0 101 0 $aeng 135 $aur|n|---||||| 181 $ctxt 182 $cc 183 $acr 200 10$aCiba Foundation symposium on the kidney /$farranged jointly with the Renal Association ; editor for the Renal Association, A.A.G. Lewis ; editor for the Ciba Foundation, G.E.W. Wolstenholme, assisted by Joan Etherington 210 $aLondon $cJ. & A. Churchill$d1954 215 $a1 online resource (362 p.) 225 1 $aCiba Foundation symposium 300 $aDescription based upon print version of record. 311 08$a9780470714713 311 08$a0470714719 320 $aIncludes bibliographical references and indexes. 327 $apt. 1. Structural and functional relationships in the kidney -- pt. 2. Tubular functions other than the regulation of acid-base balance -- pt. 3. Renal share in the regulations of acid-base balance -- pt. 4. General problems of electroyte excretion -- pt. 5. Renal share in volume control of body fluid. 330 8 $aThe Novartis Foundation Series is a popular collection of the proceedings from Novartis Foundation Symposia, in which groups of leading scientists from a range of topics across biology, chemistry and medicine assembled to present papers and discuss results. The Novartis Foundation, originally known as the Ciba Foundation, is well known to scientists and clinicians around the world. 410 0$aCiba Foundation symposium. 517 3 $aKidney 606 $aKidneys$xDiseases$vCongresses 606 $aKidneys$vCongresses 615 0$aKidneys$xDiseases 615 0$aKidneys 676 $a616.6/1 701 $aLewis A. A. G$01838652 701 $aWolstenholme$b G. E. W$g(Gordon Ethelbert Ward)$063039 701 $aEtherington$b Joan$0998449 712 02$aCiba Foundation. 712 02$aRenal Association. 801 0$bMiAaPQ 801 1$bMiAaPQ 801 2$bMiAaPQ 906 $aBOOK 912 $a9911020080603321 996 $aCiba Foundation symposium on the kidney$94417685 997 $aUNINA